Biología 3; ¿cómo hacer?, cuaderno de notas /

Guardado en:
Autor Principal: Dutey, María Léonie
Formato: Libro
Publicado: Buenos Aires : Huemul, 1992
Edición:3a. ed.
Materias:
Etiquetas: Agregar Etiqueta
Sin Etiquetas, Sea el primero en etiquetar este registro!
LEADER 00690nam a22002295a 4500
001 CEM.cems016267
005 20100224161622.0
008 130507s1992##################000#0#####d
003 CEMS
020 |a 9501002349 
082 0 4 |a 574 
100 1 |a Dutey, María Léonie 
245 1 0 |a Biología 3; ¿cómo hacer?, cuaderno de notas /  |c María Léonie Dutey y Susana Teresa Nocetti 
250 |a 3a. ed. 
260 |a Buenos Aires :  |b Huemul,  |c 1992 
300 |a 94 p. 
653 |a Biologia-informatica 
653 |a Biologia 
653 |a C. basico 1994 
653 |a Biologia 3er. año 
653 |a Biologia-experimentos 
859 |a CEMS  |b BIB. CEMS - Agricultura  |h 574  |i D951-1a3  |p A17866.94  |t Ej.1  |v 3  |3 3